UEFA Champions League: 20+ Goals (2000-) - Statistics

General Stats
  • This quiz has been taken 30 times
  • The average score is 50 of 56
Answer Stats
Ranking Player Positions Nationality Matches Goals (assists) Periods Clubs % Correct
14 Antoine Griezmann MF, FW 105 42 (15) 2013-2025
100%
1 Cristiano Ronaldo MF, FW 183 140 (45) 2003-2022
100%
12 Didier Drogba FW 93 44 (13) 2003-2015
100%
8 Erling Haaland FW 48 49 (5) 2019-2025
100%
17 Harry Kane FW 57 40 (11) 2016-2019, 2022-2025
100%
6 Kylian Mbappé MF, FW 87 55 (24) 2016-2025
100%
2 Lionel Messi MF, FW 163 129 (41) 2004-2023
100%
11 Mohamed Salah MF, FW 88 47 (17) 2013-2015, 2017-2022, 2024-2025
100%
3 Robert Lewandowski FW 133 105 (21) 2011-2025
100%
15 Thierry Henry FW 95 42 (20) 2000-2009, 2011-2012
100%
5 Thomas Müller MF, FW 163 57 (28) 2008-2025
100%
9 Zlatan Ibrahimović FW 124 48 (25) 2002-2015, 2017-2018, 2021-2022
100%
36 Ángel Di María MF, FW 116 24 (40) 2007-2008, 2010-2013, 2015-2025
96%
18 Edinson Cavani MF, FW 70 35 (7) 2011-2012, 2013-2022
96%
55 Gareth Bale MF, FW 66 20 (16) 2010-2011, 2013-2019, 2021-2022
96%
4 Karim Benzema FW 152 90 (28) 2005-2023
96%
30 Luis Suárez FW 73 27 (23) 2010-2011, 2014-2022
96%
7 Raúl FW 97 50 (19) 2000-2011
96%
34 Robin van Persie FW 59 25 (7) 2002-2003, 2004-2014
96%
31 Sadio Mané MF, FW 64 27 (8) 2017-2023
96%
16 Sergio Agüero FW 79 41 (9) 2008-2009, 2011-2022
96%
21 Arjen Robben MF, FW 110 31 (16) 2002-2019
93%
26 Edin Džeko FW 75 29 (12) 2009-2010, 2011-2015, 2017-2018, 2021-2023
93%
53 Fernando Torres FW 79 20 (8) 2007-2018
93%
40 Gabriel Jesus FW 51 24 (8) 2017-2021, 2023-2025
93%
42 Leroy Sané MF, FW 73 23 (16) 2014-2015, 2016-2018, 2020-2025
93%
13 Neymar MF, FW 81 43 (33) 2013-2023
93%
39 Olivier Giroud FW 64 24 (10) 2012-2017, 2019-2024
93%
54 Ousmane Dembélé MF, FW 66 20 (18) 2016-2025
93%
24 Samuel Eto'o FW 75 30 (16) 2001-2002, 2004-2010, 2013-2014
93%
47 Steven Gerrard MF 71 21 (15) 2001-2002, 2004-2009, 2014-2015
93%
23 Wayne Rooney MF, FW 85 30 (17) 2004-2013, 2015-2016
93%
25 Álvaro Morata FW 89 29 (10) 2012-2025
89%
20 Andriy Shevchenko FW 73 32 (10) 2000-2001, 2002-2007, 2009-2010
89%
41 Frank Lampard MF 105 23 (22) 2003-2015
89%
37 Gonzalo Higuaín MF, FW 83 24 (11) 2006-2013, 2016-2017, 2019-2020
89%
38 Marco Reus MF, FW 72 24 (13) 2012-2014, 2016-2017, 2018-2024
89%
29 Raheem Sterling MF, FW 88 27 (20) 2014-2022, 2024-2025
89%
56 Riyad Mahrez MF, FW 55 20 (16) 2016-2017, 2018-2023
89%
45 Roberto Firmino MF, FW 56 22 (13) 2017-2023
89%
33 Rodrygo MF, FW 64 25 (12) 2019-2025
89%
19 Filippo Inzaghi FW 61 34 (4) 2000-2001, 2002-2007, 2009-2011
86%
22 Kaká MF, FW 85 30 (22) 2003-2007, 2009-2014
86%
50 Lautaro Martínez FW 58 21 (5) 2018-2025
86%
10 Ruud van Nistelrooy FW 63 48 (17) 2001-2010
86%
49 Alessandro Del Piero MF, FW 58 21 (13) 2000-2005, 2008-2010
82%
52 Cesc Fàbregas MF, FW 104 20 (23) 2004-2015, 2017-2018
82%
35 David Trezeguet FW 49 25 (5) 2000-2005, 2008-2010
75%
44 Hernán Crespo FW 58 23 (6) 2000-2008
75%
32 Mario Gómez FW 44 26 (4) 2003-2004, 2007-2008, 2009-2013
75%
48 Mario Mandžukić MF, FW 60 21 (4) 2012-2019
75%
27 Vinicius Júnior MF, FW 68 29 (22) 2018-2025
71%
43 Fernando Morientes FW 65 23 (4) 2000-2007, 2009-2010
68%
28 Roy Makaay FW 61 28 (4) 2000-2007
64%
46 Claudio Pizarro FW 74 21 (4) 2001-2008, 2010-2011, 2012-2015
54%
51 Luiz Adriano MF, FW 47 21 (4) 2008-2009, 2010-2014, 2017-2018
39%
No matching quizzes found
Score Distribution
Percent of People with Each Score
Percentile by Number Answered
Your Score History
You have not taken this quiz